000 00306nam a2200133Ia 4500
008 150201s2009 xx 000 0 und d
082 _a616.84
_bP09M
100 _aMURPHY,MICHAEL
245 _aPSYCHIATY
250 _a5TH
260 _bWOLTERKULWER
_aDELHI
_c2009
650 _aPSYCHIATRY
942 _2ddc
_cBK
_02
999 _c858
_d858